[Event "Summer Chess Classic-B 2019"]
[Site "Saint Louis"]
[Date "2019.06.27"]
[Round "9.2"]
[White "Kovalenko, Igor"]
[Black "Sevian, Samuel"]
[Result "1-0"]
[WhiteElo "2651"]
[BlackElo "2677"]
[Annotator "TA"]
[PlyCount "119"]
[EventDate "2019.06.18"]
[EventType "tourn"]
[EventCountry "USA"]
[SourceTitle "playchess.com"]
[Source "ChessBase"]
[SourceQuality "1"]

{[%evp 12,119,29,22,36,34,31,0,9,20,38,6,38,10,11,8,10,4,19,15,48,48,68,52,54,49,83,86,121,77,83,82,84,77,74,74,73,72,74,76,78,72,68,70,64,64,83,102,113,103,118,88,93,90,191,175,166,160,146,123,146,139,146,140,139,143,173,178,185,184,184,184,274,309,1062,1029,1053,969,29978,29979,29979,29980,29980,29981,29981,29982,29982,29983,29984,29983,29983,29984,29984,29985,29985,29986,29986,29987,29987,29983,29985,29984,29984,29985,29986,29983,29983,29984,29985,471]} 1. d4 Nf6 2. Nf3 d5 3. c4 e6 4. Nc3 Bb4 5. cxd5 exd5 6. Bg5 O-O 7. e3 Bf5 $146 {D38: Queen's Gambit Declined: Ragozin Defence (4 Nf3 Bb4)} (7... Nbd7 8. Be2 Re8 9. O-O c6 10. Qc2 Nf8 11. Ne5 Ng6 12. f4 h6 13. Nxg6 fxg6 14. Qxg6 Rxe3 15. Bxh6 {0-1 (40) Gozzoli,Y (2630)-Sarana,A (2630) chess.com INT 2019}) 8. Be2 Nbd7 9. O-O (9. Qb3 $5 {[%cal Rb3b4]} Bxc3+ 10. bxc3 $11) 9... c6 {The position is equal.} 10. Qb3 Qa5 11. Nd2 c5 {With the idea ...c4.} 12. a3 Bxc3 $1 13. bxc3 Rac8 14. Ra2 Be6 15. Rd1 $36 {[%mdl 2048] Black is under pressure.} b6 16. a4 h6 17. Bf4 Rfd8 18. f3 cxd4 19. cxd4 Qc3 20. Ba6 Qxb3 21. Nxb3 Rc3 22. Nc1 $1 Bf5 23. Ne2 Rb3 24. g4 Bb1 {[#]} 25. Ra1 $1 Bh7 26. h4 Nf8 27. Nc1 Rc3 28. Kf2 Ne6 29. Bg3 h5 30. g5 Ne8 31. Ne2 Rc2 32. Rdc1 Nd6 (32... Rb2 $16 {was necessary.}) 33. Rxc2 $18 Bxc2 34. Nc3 Nf5 35. Ra3 Nxg3 36. Kxg3 Nc7 37. Bb7 a5 38. Ne2 Ne6 39. Bc6 Kf8 40. Nf4 Nxf4 41. Kxf4 {[%mdl 4096] Endgame KRB-KRB} Ke7 (41... Rd6 {is a better defense.}) 42. Rc3 Rc8 $2 (42... Bg6 43. Bb5 Rd6 44. Rc7+ Kd8) 43. Rxc2 {KRB-KR} Kd6 44. e4 Rxc6 {KR-KR} 45. e5+ {White mates.} Kd7 {[#]} 46. Rxc6 $1 Kxc6 {[#] KP-KP} 47. g6 $1 {[%mdl 512]} fxg6 48. Kg5 Kd7 49. Kxg6 Ke7 50. Kxg7 b5 51. axb5 a4 52. b6 a3 53. b7 a2 54. b8=Q a1=Q 55. Qd6+ Ke8 56. Qe6+ Kd8 57. Qxd5+ Ke7 58. e6 {[%csl Ge6][%cal Rd5d7]} Qg1+ 59. Kh6 Kf6 60. Qe5+ {Accuracy: White = 85%, Black = 41%.} (60. Qg5+ $142 Qxg5+ 61. hxg5+ Kxe6 62. Kxh5 Kf5 63. g6 Kf6 64. d5 Kg7 65. Kg5) 1-0

[Event "Summer Chess Classic-B 2019"]
[Site "Saint Louis"]
[Date "2019.06.27"]
[Round "9.3"]
[White "Ganguly, Surya Shekhar"]
[Black "Oparin, Grigoriy"]
[Result "1/2-1/2"]
[WhiteElo "2642"]
[BlackElo "2644"]
[Annotator "TA"]
[PlyCount "104"]
[EventDate "2019.06.18"]
[EventType "tourn"]
[EventCountry "USA"]
[SourceTitle "playchess.com"]
[Source "ChessBase"]
[SourceQuality "1"]

{[%evp 15,104,21,30,26,33,39,38,28,28,10,14,9,12,12,12,5,18,0,0,6,8,0,0,0,0,0,0,0,0,0,0,0,0,0,0,-21,-15,-29,-17,-95,-76,-60,-69,-57,0,0,0,-53,-52,-185,-91,-95,-32,-98,64,0,0,8,107,96,147,149,142,128,130,28,30,32,28,28,28,23,25,19,35,28,28,28,28,28,28,28,35,10,27,8,8,1,1,1,1]} 1. e4 e5 2. Nf3 Nc6 3. Bc4 Nf6 4. d3 Be7 5. O-O O-O 6. a4 d6 7. a5 a6 8. Re1 Be6 9. Nbd2 {C55: Two Knights: 4 d3, 4 d4 exd4 5 e5 and Max Lange Attack} Nd7 (9... Qd7 10. c3 h6 11. Qb3 Rab8 12. h3 Kh8 13. Nf1 Nh5 14. d4 Bxc4 15. Qxc4 f5 16. dxe5 Nxe5 17. Qe2 Ng6 18. exf5 Rxf5 {½-½ (44) Heberla,B (2558)-Wang,H (2706) Czech Republic 2018}) 10. c3 Bg5 11. Bxe6 {White is slightly better.} fxe6 12. Nc4 $146 ({Predecessor:} 12. Qb3 Nc5 13. Qc4 Bxd2 14. Bxd2 Qe7 15. Bg5 Qf7 16. Be3 {1-0 (33) Domont,A (2418)-Glauser,H (2242) Zuerich 2004}) 12... Bf4 13. d4 Qf6 14. Bxf4 Qxf4 15. Qe2 Rae8 16. Rad1 exd4 17. Nxd4 Nce5 {Black wants to play ...Nxc4.} 18. f3 g5 19. Rf1 Qf6 20. Kh1 Re7 21. Ne3 Qg6 22. b4 Ref7 23. Qa2 Rf6 24. Kg1 Kh8 25. h3 h5 26. Qf2 R8f7 27. Qg3 (27. Qd2 $11) 27... Qh6 $1 $17 28. c4 Ng6 29. c5 $1 Nde5 (29... dxc5 $15 30. bxc5 Nxc5) 30. cxd6 $11 cxd6 31. Rc1 (31. Nxe6 $11 Rxe6 32. Nf5 Rxf5 {[%mdl 64] Remove Defender} 33. exf5) 31... Nf4 $15 32. Kh1 {[#]} (32. Rc8+ $15 Rf8 33. Rxf8+ Rxf8 34. Qe1) 32... g4 $1 {[%mdl 512]} 33. fxg4 $17 hxg4 34. Ndf5 (34. Nxg4 $2 Nh5 $1 $19 {[%mdl 512]}) (34. Kh2 $1 $15) 34... exf5 $2 ({Black should play} 34... Nh5 $1 $17 {[%cal Rh5g3]} 35. Qxe5 exf5) 35. Rxf4 (35. Rc8+ $1 $14 Kg7 36. Rxf4 {[%mdl 64] Double Attack} fxe4 37. Rxg4+ (37. Rxe4 Rf4 $14) 37... Nxg4 38. Qxg4+ {[%mdl 64] Double Attack} Qg6 39. Nf5+ $1 {[%mdl 512]} Rxf5 40. Rg8+ $1 {[%mdl 576] Deflection} Kxg8 41. Qxg6+ Kf8 42. Qh6+ (42. Qxd6+ Re7 $11) 42... Ke7 43. Qh4+ {[%mdl 64] Double Attack} Kd7 44. Qxe4) 35... fxe4 $11 36. Rc8+ Kh7 (36... Rf8 $11 37. Rxf8+ Rxf8 38. Rxf8+ Qxf8) 37. Rxe4 $16 Rf1+ {[#]} (37... Rf4 $142 38. Rxf4 {[%mdl 64] Overworked Piece} Qxf4 39. Qh4+ Kg6 40. hxg4 Qh6 41. Rg8+ Kh7 42. Qxh6+ (42. Rh8+ Kxh8 43. Qxh6+ Rh7 $16) 42... Kxh6) 38. Kh2 $1 ({Much worse is} 38. Nxf1 $6 Rxf1+ 39. Kh2 Nf3+ 40. gxf3 Qd2+ 41. Qg2 Rf2 $11) 38... R1f4 {[#]} 39. Rxf4 $1 Qxf4 40. Qxf4 (40. Nxg4 $16 Qxg3+ 41. Kxg3) 40... Rxf4 {[%mdl 4096] Endgame KRN-KRN} 41. Rc7+ Kg6 42. Rxb7 {Hoping for Nxg4.} gxh3 $1 43. Kxh3 {Nd5 is the strong threat.} Rd4 44. g3 {Threatens to win with Rb6.} Nc6 45. b5 axb5 $1 46. Rxb5 {Black must now prevent a6.} Ra4 47. Rb6 Nxa5 48. Rxd6+ Kf7 49. Nf5 {aiming for Ra6.} Nb7 50. Rd5 Ra5 {The position is equal.} 51. Rd7+ Ke6 52. Rxb7 Kxf5 {Accuracy: White = 47%, Black = 60%.} 1/2-1/2

[Event "Summer Chess Classic-B 2019"]
[Site "Saint Louis"]
[Date "2019.06.28"]
[Round "10.1"]
[White "Fridman, Daniel"]
[Black "Ganguly, Surya Shekhar"]
[Result "1/2-1/2"]
[WhiteElo "2644"]
[BlackElo "2642"]
[Annotator "TA"]
[PlyCount "99"]
[EventDate "2019.06.18"]
[EventType "tourn"]
[EventCountry "USA"]
[SourceTitle "playchess.com"]
[Source "ChessBase"]
[SourceQuality "1"]

{[%evp 12,99,0,0,0,0,0,0,13,-1,0,0,0,8,0,0,0,0,0,0,0,0,-5,-6,-2,-6,-12,-5,2,-14,0,-20,-19,-42,0,-15,-15,-31,-32,-35,-31,-31,-15,-15,-15,-15,-15,-15,-15,-12,-15,-10,-3,-5,-5,-6,0,0,0,0,0,0,0,0,0,0,0,-8,0,0,0,0,0,-8,0,0,0,0,0,0,0,0,0,0,0,0,0,0,0,0]} 1. d4 Nf6 2. Nf3 e6 3. c4 d5 4. g3 Be7 5. Bg2 O-O 6. Nc3 dxc4 7. Ne5 Qd6 {E06: Closed Catalan: Early deviations} (7... c5 8. dxc5 Qxd1+ 9. Nxd1 Bxc5 10. O-O Nd5 11. Ne3 Nc6 12. N3xc4 Nxe5 13. Nxe5 Bd4 14. Nd3 {½-½ (14) Nakamura,H (2761)-Radjabov,T (2759) Moscow 2019}) 8. Nxc4 Qa6 $1 {[%cal Ra6c4]} 9. Qb3 Nc6 10. e3 Rb8 11. Qb5 Qxb5 12. Nxb5 a6 13. Nc3 ({Reject} 13. Nxc7 b5 $15) 13... b5 $146 ({Predecessor:} 13... Bd7 14. Bd2 Rfd8 15. Ne4 Nxe4 16. Bxe4 {1-0 (56) Gordon,S (2544)-Roberson,P (2396) Harrow 2018}) 14. Nd2 Bb7 {Black wants to play ...Nxd4!} 15. O-O Nb4 16. Nb3 Bxg2 17. Kxg2 {[#]} c5 $1 {[%mdl 512]} 18. Nxc5 Bxc5 19. dxc5 Nd3 20. Rb1 Nxc5 21. Rd1 Rfd8 {...b4 is the strong threat.} 22. Bd2 Rd7 23. Be1 Nd3 24. Ne2 e5 25. Kf1 Rc8 26. Nc1 Nxb2 27. Rxd7 {The position is equal.} Nxd7 28. Rxb2 {aiming for Rd2.} Rxc1 $15 {[%mdl 4096] Endgame KRB-KRN} 29. Rd2 Rc7 30. Rd6 Ra7 31. Ba5 f5 32. Bb6 Rb7 33. Ba5 Nb8 34. a3 Kf7 35. Ke2 e4 36. h3 h5 37. f3 exf3+ 38. Kxf3 Re7 39. Kf4 g6 40. Kg5 $1 Rxe3 {[%mdl 64] [#] Double Attack} 41. Rf6+ Ke8 42. Bb4 Nd7 43. Rxg6 a5 44. Bd6 Kf7 45. Rh6 Rf3 46. Bf4 b4 47. axb4 axb4 48. Rh7+ Ke6 49. Rh6+ Kf7 50. Rh7+ {Accuracy: White = 77%, Black = 74%.} 1/2-1/2

[Event "Summer Chess Classic-B 2019"]
[Site "Saint Louis"]
[Date "2019.06.28"]
[Round "10.2"]
[White "Oparin, Grigoriy"]
[Black "Kovalenko, Igor"]
[Result "1/2-1/2"]
[WhiteElo "2644"]
[BlackElo "2651"]
[Annotator "TA"]
[PlyCount "89"]
[EventDate "2019.06.18"]
[EventType "tourn"]
[EventCountry "USA"]
[SourceTitle "playchess.com"]
[Source "ChessBase"]
[SourceQuality "1"]

{[%evp 10,89,14,14,17,9,3,16,27,4,3,7,10,0,16,4,4,0,12,0,25,20,19,0,0,-19,13,20,17,16,30,30,20,14,10,21,14,0,4,0,0,0,23,0,0,0,0,-10,19,-19,31,-20,0,-49,0,0,0,0,0,-26,-30,-28,0,0,0,0,0,0,0,0,0,0,2,0,0,-5,0,0,0,0,0,0]} 1. Nf3 d5 2. g3 c6 3. Bg2 Bg4 4. O-O Nd7 5. d3 e6 6. c4 Bc5 {A11: English Opening: 1...c6} (6... Ngf6 7. cxd5 exd5 8. h3 Bxf3 9. Bxf3 Bc5 10. Bg2 O-O 11. Nc3 Re8 12. e4 dxe4 13. dxe4 Ne5 14. Bg5 h6 15. Bxf6 Qxf6 16. Kh2 Qe6 17. Qc2 Rad8 18. b3 {½-½ (68) Adly,A (2626)-Kryakvin,D (2588) St Petersburg 2018}) 7. cxd5 cxd5 8. Nc3 Ne7 9. Qa4 Bxf3 $146 ({Predecessor:} 9... Bh5 10. e4 dxe4 11. Ne5 Bd6 12. Nc4 Bc7 13. dxe4 a6 {1-0 (38) Yarmysty,M (2278)-Zinchenko,Y (2334) Lvov 2004}) 10. Bxf3 Nc6 11. Bd2 O-O 12. Bg2 a6 13. Rfc1 Qe7 14. Rab1 Rfc8 15. Qd1 Nde5 16. Be1 Ba7 17. b4 h5 18. b5 axb5 $1 19. Nxb5 h4 20. d4 Nd7 21. e3 hxg3 22. hxg3 Bb6 23. a4 Ba5 24. Nc3 Nf6 25. Qb3 b6 26. Qd1 Qd8 27. Bf1 Ne7 28. Bd3 g6 29. Kg2 Kg7 30. Bd2 ({Better is} 30. g4 $14) 30... Nf5 $11 31. Ne2 (31. Ra1 {with more complications.} Qe7 32. Nb5 Rxc1 33. Bxc1 Bb4 34. Rb1) 31... Bxd2 32. Rxc8 Qxc8 33. Qxd2 Ng4 34. Bxf5 exf5 35. f3 Qc2 {[%mdl 64] [#] Decoy} (35... Qe6 {keeps more tension.} 36. Nf4 Qxe3 37. Qe2 Qxe2+ 38. Nxe2 Nf6) 36. Qxc2 {The position is equal.} Nxe3+ {[%mdl 64] Double Attack} 37. Kf2 Nxc2 {[%mdl 4096] Endgame KRN-KRN} 38. Rb2 Na3 39. Nc3 Rh8 {[#] White must now prevent ...Rh2+.} 40. Rb3 Nc2 41. Nxd5 Nxd4 42. Rd3 Ne6 43. Nxb6 Rh2+ 44. Ke3 Ra2 45. Rc3 {Accuracy: White = 42%, Black = 67%.} 1/2-1/2

[Event "Summer Chess Classic-B 2019"]
[Site "Saint Louis"]
[Date "2019.06.28"]
[Round "10.3"]
[White "Sevian, Samuel"]
[Black "Gabuzyan, Hovhannes"]
[Result "0-1"]
[WhiteElo "2677"]
[BlackElo "2619"]
[Annotator "TA"]
[PlyCount "100"]
[EventDate "2019.06.18"]
[EventType "tourn"]
[EventCountry "USA"]
[SourceTitle "playchess.com"]
[Source "ChessBase"]
[SourceQuality "1"]

{[%evp 15,99,46,46,43,58,51,40,51,84,76,86,83,86,83,90,85,97,90,90,91,114,93,120,120,140,132,129,125,166,148,160,126,174,156,160,77,84,89,95,31,18,-50,-50,-50,-50,-52,-64,-111,-95,-91,-76,-85,-60,-78,-68,-78,-68,-68,-72,-98,-58,-200,-191,-249,-248,-668,-545,-754,-739,-764,-764,-734,-708,-625,-720,-706,-709,-653,-606,-29970,-29963,-29966,-6552,-29998,-29999,-29999]} 1. e4 c5 2. Nf3 d6 3. d4 cxd4 4. Nxd4 Nf6 5. Nc3 a6 6. Bg5 e6 7. f4 Qc7 8. Bxf6 gxf6 9. Qf3 {B96: Sicilian Najdorf: 6 Bg5 e6 7 f4, lines other than 7...Qb6 and 7...Be7} (9. Qd3 Nc6 10. Be2 Nxd4 11. Qxd4 Qc5 12. Qd2 Bd7 13. O-O-O O-O-O 14. Kb1 Bc6 15. Bg4 h5 16. Bh3 Bh6 {0-1 (59) Durarbayli,V (2628)-Gabuzyan,H (2620) New York 2019}) 9... Nc6 10. O-O-O Nxd4 11. Rxd4 {White is slightly better.} b5 12. Be2 Bb7 13. f5 $146 {And now fxe6 would win.} ({Predecessor:} 13. Qh3 f5 14. exf5 Bg7 15. Rd3 b4 16. Nd1 e5 17. fxe5 dxe5 {1-0 (28) Llorente Alvarez,J (2086)-Hassan,W (1823) IECC email 2012}) 13... Qc5 14. Rhd1 e5 15. R4d3 Rc8 16. a3 $1 h5 17. Kb1 h4 18. Bf1 Be7 19. Qe2 Kd7 20. Rh3 Bd8 21. Nd5 Qa7 22. Qd2 Ke8 23. Qe1 Rc5 24. Nc3 ({Don't do} 24. Rxh4 $6 Rxh4 25. Qxh4 Bxd5 $16) 24... Ke7 25. Rxh4 (25. Qd2 $142 Qb8 26. g4) 25... Rxh4 $16 26. Qxh4 Ba5 {[#]} 27. Na2 (27. Nd5+ $1 $16 Bxd5 28. exd5) 27... Rc8 $14 {[%cal Bc5c8,Bc8g8,Bg8g4][%mdl 32]} 28. c3 (28. Bd3 $11) 28... Qe3 $15 {[%mdl 1024] Black has compensation.} 29. Bd3 Rg8 30. g3 Qf3 $1 {[%cal Rf3d1]} 31. Bc2 {Rxd6! is the strong threat.} Rg4 {[%mdl 64] Double Attack} 32. Qh6 {Black must now prevent Qd2.} Rxe4 33. Nc1 Rc4 34. Nb3 Bb6 $36 {[%mdl 2048] Black has good play.} 35. Qd2 d5 36. Re1 Qg4 37. Qh6 {aiming for Rxe5+!} Bf2 38. Rf1 (38. Bd1 $1 $15 Qxf5+ 39. Bc2) 38... Qe2 $19 39. Qh3 {[#]} (39. Qc1 $142) 39... d4 $1 {[%cal Rd4c3]} 40. Na5 $2 (40. Nc1 Qe3 41. Nd3) 40... Bd5 (40... d3 41. Bd1 $16) 41. g4 Be3 42. Bd1 {[#]} Qd2 $1 {[%mdl 512]} 43. Nb3 Be4+ 44. Ka2 Qd3 {[%csl Ge4][%cal Rd3b1]} 45. Bf3 {[#]} Rxc3 $1 {[%mdl 512]} 46. Bxe4 (46. bxc3 Qc2+) 46... Qxe4 47. g5 {[#]} Qc2 $1 48. gxf6+ Kd7 49. Na1 {[#]} Rxa3+ $1 {[%mdl 512]} 50. Kxa3 Qa4# {Accuracy: White = 50%, Black = 72%.} 0-1